000 01766nam a2200229 4500
005 20250409121521.0
008 250409b |||||||| |||| 00| 0 eng d
020 _a9780691149554
037 _cTextual
040 _aRTL
_cRTL
084 _aB281 Q7
_qRTL
100 _aMille, Steven J.
_9751995
245 _aThe Probability Lifesaver: all the tools you need to understand chance
260 _aPrinceton
_bPrinceton University Press
_c2017
300 _axxiii, 727 p.
_bIncludes bibliography and index
490 _a Princeton lifesaver study guide
520 _aThe essential lifesaver for students who want to master probabilityFor students learning probability, its numerous applications, techniques, and methods can seem intimidating and overwhelming. That's where The Probability Lifesaver steps in. Designed to serve as a complete stand-alone introduction to the subject or as a supplement for a course, this accessible and user-friendly study guide helps students comfortably navigate probability's terrain and achieve positive results.The Probability Lifesaver is based on a successful course that Steven Miller has taught at Brown University, Mount Holyoke College, and Williams College. With a relaxed and informal style, Miller presents the math with thorough reviews of prerequisite materials, worked-out problems of varying difficulty, and proofs. He explores a topic first to build intuition, and only after that does he dive into technical details. Coverage of topics is comprehensive, and materials are repeated for reinforcement―both in the guide and on the book's website.
650 _aProbabilities
650 _aRandom variables
_9733484
650 _aGames of chance (Mathematics)
_9751996
942 _2CC
_n0
_cTB
_hB281 Q7
999 _c1308589
_d1308589